POWER OF IMPOSSIBLE THINKING TRANSFORM T (Record no. 1771)

MARC details
000 -LEADER
fixed length control field 00342nam a2200133Ia 4500
008 - FIXED-LENGTH DATA ELEMENTS--GENERAL INFORMATION
fixed length control field 240624s9999 xx 000 0 und d
041 ## - LANGUAGE CODE
Language code of text/sound track or separate title eng
082 ## - DEWEY DECIMAL CLASSIFICATION NUMBER
Classification number 650.1 WIN
100 ## - MAIN ENTRY--PERSONAL NAME
Personal name WIND YORAM
245 ## - TITLE STATEMENT
Title POWER OF IMPOSSIBLE THINKING TRANSFORM T
260 ## - PUBLICATION, DISTRIBUTION, ETC.
Date of publication, distribution, etc. 2005
Place of publication, distribution, etc. Delhi
Name of publisher, distributor, etc. Wharton School
300 ## - PHYSICAL DESCRIPTION
Extent lvi, : 274 : p. : cm. ; 25
365 ## - TRADE PRICE
Currency code RS
Holdings
Withdrawn status Lost status Damaged status Not for loan Home library Current library Shelving location Date acquired Source of acquisition Cost, normal purchase price Full call number Barcode Date last seen Copy number Price effective from Koha item type
        IMTN IMTN Rack 18-B 01/17/2005 JBD 499.00 650.1 WIN 1771 06/24/2024 1 06/24/2024 Books
Designed & Maintained by: LRC IMT Nagpur Contact: lrc@imtnag.ac.in© 2024. All Rights Reserved.